| 000 | 00647nam a22002057a 4500 | ||
|---|---|---|---|
| 001 | 24559 | ||
| 003 | BD-RjUL | ||
| 005 | 20211209001052.0 | ||
| 008 | 140313t19701966ii |||| |||| 000 0 eng d | ||
| 035 | _a(BD-RjUL)24626 | ||
| 040 |
_aBD-RjUL _beng _cBD-RjUL |
||
| 041 | _aeng | ||
| 082 | 0 | 4 |
_a940 _bEUR 1970 |
| 245 | 0 |
_aEuropean Politics I, the restless search; a comparative government biennial / _cEd by William G. Anderson |
|
| 260 |
_aNew York : _b Van Nostrand , _cc1966. publishing 1970 |
||
| 300 |
_a245 p. ; _c 21 cm. |
||
| 650 | 0 |
_a Europe -- Politics and government. _975583 |
|
| 700 | 1 |
_a Anderson William G. _975584 |
|
| 942 |
_2ddc _cBK |
||
| 999 |
_c24559 _d24559 |
||